All JENNIE Songs - Statistics

General Stats
  • This quiz has been taken 111 times
    99 since last reset
  • The average score is 16 of 25
Answer Stats
Hint Answer % Correct
s SOLO
98%
s like JENNIE
91%
s You & Me
83%
s SPOT!
82%
s Mantra
80%
s ExtraL
79%
ss Seoul City
79%
s One Of The Girls
77%
s start a war
73%
s ZEN
73%
s Starlight
71%
s Filter
70%
s Love Hangover
70%
s twin
70%
s Handlebars
68%
s Damn Right
64%
s F.T.S.
61%
s with the IE (way up)
56%
s Slow Motion
53%
s Black
52%
s Intro: JANE with FKJ
38%
s Special
38%
s GG Be
32%
s SOLO - Live
23%
s You & Me (Coachella ver.)
11%
No matching quizzes found
Score Distribution
Percent of People with Each Score
Percentile by Number Answered
Your Score History
You have not taken this quiz since the last reset